| 000 | 01615cam a22003255a 4500 | ||
|---|---|---|---|
| 001 | ybp11698865 | ||
| 003 | OSt | ||
| 005 | 20151129134411.0 | ||
| 008 | 140314t2014 enk frb f001 0 eng d | ||
| 020 | _z9780199387250 (paper) | ||
| 020 | _z0199387257 (paper) | ||
| 040 |
_aNhCcYBP _cNhCcYBP _beng _dEG-ScBUE |
||
| 082 | 0 | 4 |
_a320.510941 _222 _bMOR |
| 100 | 1 |
_aMorefield, Jeanne, _d1967- _938804 |
|
| 245 | 1 | 0 |
_aEmpires without imperialism : _bAnglo-American decline and the politics of deflection / _cJeanne Morefield. |
| 260 |
_aOxford ; _aNew York : _bOxford University Press, _cc.2014 |
||
| 300 |
_ax, 288 p. ; _c24 cm. |
||
| 500 | _aIndex : p. 279-288. | ||
| 504 | _aBibliography : p. 243-278. | ||
| 505 | 0 | _aAlfred Zimmern's "Oxford paradox" : displacement and Athenian nostalgia -- Falling in love with Athens : Donald Kagan on America and Thucydides' revisionism -- The Round Table's story of commonwealth -- The empire whisperer : Niall Ferguson's misdirection, disavowal and the perilousness of neoliberal time -- Empire's handyman : Jan Smuts and the politics of international holism -- Michael Ignatieff's tragedy : just as we are, here and now -- Conclusion : is this who we want to be? | |
| 650 | 0 |
_aLiberalism _zGreat Britain _xHistory. _2BUEsh _914391 |
|
| 650 | 0 |
_aLiberalism _zUnited States _xHistory. _2BUEsh |
|
| 650 | 7 |
_aImperialism. _2BUEsh _93659 |
|
| 651 | 0 |
_aGreat Britain _xColonies _xHistory. _2BUEsh |
|
| 651 | 0 |
_aUnited States _xTerritories and possessions _xHistory. _2BUEsh |
|
| 653 |
_bBUSBOL _cNovember2015 |
||
| 655 |
_vReading book _934232 |
||
| 710 | 2 | _aebrary, Inc. | |
| 942 | _2ddc | ||
| 999 |
_c21089 _d21061 |
||